000 00719nam a22002417a 4500
001 101336
003 UA-OsUOA
005 20220602191306.0
007 ta
008 20130613b un ||||| |||| 00| 0 ukr d
040 _aUA-OsUOA
_brus
_cUA-OsUOA
_dUA-OsUOA
041 _arus
080 _a031
090 _a031
_bД38
245 _aДетская энциклопедия
_bдля среднего и старшего возраста
_cза ред. Орлова Б. П.
260 _aМ.
_bПросвещение
_c1968
300 _a557 с.
505 _gт. 10
650 7 _a0 Загальний відділ.
_2UDC
942 _cBK
_2udc
955 _a2
999 _c387577
_d387577